Working with children in one and two teacher schools ... (Record no. 21889)
[ view plain ]
| 000 -LEADER | |
|---|---|
| fixed length control field | 00915cam a22002771 4500 |
| 001 - CONTROL NUMBER | |
| control field | e 42000282 |
| 003 - CONTROL NUMBER IDENTIFIER | |
| control field | DLC |
| 005 - DATE AND TIME OF LATEST TRANSACTION | |
| control field | 20260227111231.0 |
| 008 - FIXED-LENGTH DATA ELEMENTS--GENERAL INFORMATION | |
| fixed length control field | 830106s1942 miua b s000 0 eng c |
| 010 ## - LIBRARY OF CONGRESS CONTROL NUMBER | |
| LC control number | e 42000282 |
| 035 ## - SYSTEM CONTROL NUMBER | |
| System control number | (OCoLC)9103375 |
| 040 ## - CATALOGING SOURCE | |
| Original cataloging agency | U.S. Off. of educ. Library |
| Transcribing agency | DNIE |
| Modifying agency | DLC |
| 042 ## - AUTHENTICATION CODE | |
| Authentication code | premarc |
| 043 ## - GEOGRAPHIC AREA CODE | |
| Geographic area code | n-us-mi |
| 050 00 - LIBRARY OF CONGRESS CALL NUMBER | |
| Classification number | L162 |
| Item number | .B3 no. 319 |
| 082 ## - DEWEY DECIMAL CLASSIFICATION NUMBER | |
| Classification number | 379.173 |
| -- | 370.61774 |
| 110 1# - MAIN ENTRY--CORPORATE NAME | |
| Corporate name or jurisdiction name as entry element | Michigan. |
| Subordinate unit | Department of Public Instruction. |
| 245 10 - TITLE STATEMENT | |
| Title | Working with children in one and two teacher schools ... |
| Statement of responsibility, etc. | Published by Eugene B. Elliott, superintendent of public instruction. |
| 260 ## - PUBLICATION, DISTRIBUTION, ETC. | |
| Place of publication, distribution, etc. | Lansing, Mich., |
| Date of publication, distribution, etc. | 1942. |
| 300 ## - PHYSICAL DESCRIPTION | |
| Extent | 97 p. |
| Other physical details | illus. |
| Dimensions | 23 cm. |
| 490 1# - SERIES STATEMENT | |
| Series statement | Its Bulletin |
| Volume/sequential designation | no. 319 |
| 504 ## - BIBLIOGRAPHY, ETC. NOTE | |
| Bibliography, etc. note | Includes references. |
| 650 #0 - SUBJECT ADDED ENTRY--TOPICAL TERM | |
| Topical term or geographic name entry element | Rural schools |
| Geographic subdivision | Michigan. |
| 650 #0 - SUBJECT ADDED ENTRY--TOPICAL TERM | |
| Topical term or geographic name entry element | Education. |
| 810 1# - SERIES ADDED ENTRY--CORPORATE NAME | |
| Corporate name or jurisdiction name as entry element | Michigan. |
| Subordinate unit | Department of Public Instruction. |
| Title of a work | Bulletin |
| Volume/sequential designation | no. 319. |
No items available.